000 00310 a2200145 4500
001 155698
040 _cEscola São Tomás de Aquino
100 _aLOUZEIRO, José
240 1 0 _aJosé Louzeiro
_lpor
245 1 0 _aJosé Louzeiro
300 _a108
362 0 _a1982
697 _aGENERALIDADES
942 _cBK
999 _c155698
_d155698